Ley de Enjuiciamiento Criminal Determinacin̤ del contenido de sus preceptos concordancias preceptivas y normativas /

Bibliographic Details
Main Author: Martn̕ez Atienza, Gorgonio
Format: eBook
Language:Spanish
Published: Barcelona : Editorial vLex, 2013
Subjects:
Online Access:Acceso restringido

MARC

LEADER 00000nam a22000007a 4500
005 2013091608378.0
007 cr|||| ||||
008 130916s2013 sp |||||s|||| 00| 0 spa d
035 |a 11481 
040 |a vLex 
090 |c 4493  |d 4493 
100 1 |a Martn̕ez Atienza, Gorgonio 
245 1 0 |a Ley de Enjuiciamiento Criminal  |h [Recurso electrn̤ico] :  |b Determinacin̤ del contenido de sus preceptos concordancias preceptivas y normativas /  |c Gorgonio Martn̕ez Atienza 
256 |a Servicio en ln̕ea 
260 |a Barcelona :  |b Editorial vLex,  |c 2013 
300 |a 1 recurso electrn̤ico 
506 1 |a Contenido solo disponible en los productos indicados  |d vLex Global  |d vLex Global (Academic Edition, excluding Law Schools)  |d vLex Global (U.S. Academic Edition, Law Schools)  |d vLex Global (U.S. Academic Edition, excluding Law Schools)  |d vLex Global (Academic Edition, Law Schools) 
650 0 4 |a Ley de Enjuiciamiento Criminal 
650 0 4 |a LEC 
740 0 |a vLex Libros (Servicio en ln̕ea) 
856 4 0 |u http://vlex.com/source/11481  |z Acceso restringido 
942 |c BOOK 
999 0 |a Criminal law - Spain